UBT Library

Human heredity : (Record no. 947)

000 -LEADER
fixed length control field 00574nam a22002057a 4500
008 - FIXED-LENGTH DATA ELEMENTS--GENERAL INFORMATION
fixed length control field 150601b xxu||||| |||| 00| 0 eng d
020 ## - INTERNATIONAL STANDARD BOOK NUMBER
International Standard Book Number 9780534394745
041 0# - LANGUAGE CODE
Language code of text/sound track or separate title ENG
080 ## - UNIVERSAL DECIMAL CLASSIFICATION NUMBER
Universal Decimal Classification number 599.9
100 ## - Rafti
Rafti Cummings, Michael R.
245 00 - TITLE STATEMENT
Title Human heredity :
Statement of responsibility, etc Michael R. Cummings.
250 ## -
-- 6th ed.
260 ## -
-- Australia ;
-- Pacific Grove, CA :
-- Thomson/Brooks/Cole,
-- c2003.
300 ## -
-- 520 f
-- me il
-- 28 cm.
500 ## -
-- index
500 ## -
-- bibliografi
650 ## -
-- Human genetics.
650 ## -
-- Heredity, Human.
942 ## - ADDED ENTRY ELEMENTS (KOHA)
Source of classification or shelving scheme
Item type Books
Holdings
Withdrawn status Lost status Source of classification or shelving scheme Damaged status Not for loan Collection code Permanent location Current location Shelving location Date acquired Total Checkouts Full call number Date last seen Price effective from Koha item type
          Koleksioni i përgjithshem UBT - Lipjan UBT - Lipjan Koleksioni i përgjithshem 06/09/2015   599.9 CUM 06/09/2015 06/09/2015 Books
          Koleksioni i përgjithshem UBT - Prishtine UBT - Prishtine Koleksioni i përgjithshem 06/01/2015   599.9 CUM 06/01/2015 06/01/2015 Books
UBT Library © 2015-2024. All rights reserved University Education for Business and Technology